• 首页
  • 本馆介绍
  • 公告通知
  • 最新文献
  • 馆藏检索
  • 电子资源
  • 读者导购
  • 参考咨询
  • 我的图书馆
  • 登录
  • 详细信息显示
  • 放入我的书架
  • 预约/预借图书
  • 作者相关作品
  • 分类相关作品
  • 丛书相关作品
  • 出版社相关作品

书目信息

  • 表格格式
  • 工作单格式
  • 卡片格式
题名:
漢語史研究集刊
    
 
作者: 俞理明 , 雷汉卿 主编
分册: 第二十七輯  
出版信息: 成都   四川大學出版社  2019.11
页数: 292页
开本: 26cm
丛书名:
单 册:
中图分类: H1-09
科图分类:
主题词: 汉语史--han yu shi--研究--丛刊
电子资源:
ISBN: 978-7-5690-3205-5
000 01085nam 2200289 450
001 CAL 0120202955030
005 20230301114955.78
010    @a978-7-5690-3205-5@dCNY88.00
100    @a20200319d2019 em y0chiy0120 ea
101 0  @achi
102    @aCN@b510000
105    @ay a 000yy
106    @ar
200 1  @a漢語史研究集刊@Ahan yu shi yan jiu ji kan@h第二十七輯@f俞理明, 雷漢卿主編
210    @a成都@c四川大學出版社@d2019.11
215    @a292页@d26cm
300    @a語言學·漢語類CSSCI來源集刊
320    @a有书目
330    @a本书为汉语史研究学术论文集, 收录该领域研究论文十余篇, 包括语音流变分析、文化交流尤其是佛教传入对汉语新词汇的影响, 词义演变、语法演变等, 以及与相应时期其他语言的比较。作者多为国内外知名大学和科研院所的教师、研究人员、博士研究生, 具有较高的学术水平。
518 1  @a汉语史研究集刊
606 0  @a汉语史@Ahan yu shi@x研究@j丛刊
690    @aH1-09@v5
701  0 @a俞理明@Ayu li ming@4主编
701  0 @a雷汉卿@Alei han qing@4主编
730 1  @a雷漢卿@Alei han qing@4主編
801  0 @aCN@bBJXHZP@c20230222
905    @b1394106-9@dH1-09@e193:27@f4
    
    漢語史研究集刊.第二十七輯/俞理明, 雷漢卿主編.-成都:四川大學出版社,2019.11
    292页;26cm
    語言學·漢語類CSSCI來源集刊
    
    ISBN 978-7-5690-3205-5:CNY88.00
    本书为汉语史研究学术论文集, 收录该领域研究论文十余篇, 包括语音流变分析、文化交流尤其是佛教传入对汉语新词汇的影响, 词义演变、语法演变等, 以及与相应时期其他语言的比较。作者多为国内外知名大学和科研院所的教师、研究人员、博士研究生, 具有较高的学术水平。
●
相关链接 在E读中查询图书 在五车中查询图书 在当当中查询图书 在豆瓣中查询图书


正题名:漢語史研究集刊     索取号:H1-09/193:27         预约/预借

序号 登录号 条形码 馆藏地/架位号 状态 备注
1 1394106   213941065   第二样本阅览室/ [索取号:H1-09/193:27] 在馆    
2 1394107   213941074   第四借阅区/ [索取号:H1-09/193:27] 在馆    
3 1394108   213941083   第四借阅区/ [索取号:H1-09/193:27] 在馆    
4 1394109   213941092   第四借阅区/ [索取号:H1-09/193:27] 在馆    
唐山师范学院图书馆 欢迎您!
大连网信软件有限公司© 版权所有